Loading...
Auditory Arts | 4 | 2 | 0 | 1 | 80 | 22 | 76.00 | 4 | 5 |
Visual Arts | 1 | 5 | 0 | 2 | 65 | 74 | 102.83 | 1 | 5 |
History - European History | 2 | 2 | 0 | 1 | 50 | 47 | 81.25 | 1 | 2 |
History - World History | 2 | 1 | 1 | 0 | 35 | 37 | 52.67 | 2 | 3 |
Literature - European Literature | 2 | 0 | 0 | 0 | 30 | 36 | 41.00 | 2 | 2 |
Beliefs | 1 | 3 | 3 | 1 | 30 | 37 | 103.75 | 1 | 3 |
Science - Other Science | 1 | 1 | 0 | 0 | 25 | 60 | 77.00 | 0 | 2 |
Literature - British Literature | 1 | 1 | 0 | 0 | 25 | 40 | 67.50 | 1 | 1 |
History - Ancient History | 1 | 1 | 1 | 0 | 20 | 58 | 82.50 | 2 | 2 |
Literature - American Literature | 1 | 0 | 0 | 0 | 15 | 91 | 91.00 | 0 | 1 |
Current Events | 1 | 0 | 0 | 0 | 15 | 45 | 45.00 | 1 | 1 |
Literature - World Literature | 1 | 0 | 0 | 0 | 15 | 49 | 49.00 | 1 | 1 |
Other Academic | 1 | 0 | 0 | 0 | 15 | 46 | 46.00 | 1 | 1 |
Science - Biology | 1 | 0 | 0 | 0 | 15 | 57 | 57.00 | 0 | 1 |
Fine Arts - Other Arts | 0 | 1 | 0 | 0 | 10 | 112 | 112.00 | 0 | 1 |
History - Other History | 0 | 1 | 0 | 0 | 10 | 116 | 116.00 | 0 | 1 |
History - American History | 0 | 1 | 0 | 0 | 10 | 58 | 58.00 | 1 | 1 |
Geography | 0 | 1 | 0 | 0 | 10 | 89 | 89.00 | 0 | 0 |
Social Science | 0 | 0 | 0 | 0 | 0 | 0.00 | 0 | 0 |